Zendaya Charting Songs (Billboard Hot 100) - Statistics

General Stats
  • This quiz has been taken 81 times
    59 since last reset
  • The average score is 3 of 6
Answer Stats
Album Weeks On Peak Artist(s) Song % Correct
Zendaya 21 Weeks #40 Zendaya Replay
95%
The Greatest Showman: Original Motion Picture Soundtrack 7 Weeks #70 Zac Efron & Zendaya Rewrite the Stars
79%
The Greatest Showman: Original Motion Picture Soundtrack 4 Weeks #88 Hugh Jackman, Keala Settle, Zac Efron, Zendaya & The Greatest Showman Ensemble The Greatest Show
64%
Euphoria Season 2 (An HBO Original Series Soundtrack) 4 Weeks #53 Labrinth & Zendaya I'm Tired
54%
Non-Album Single 3 Weeks #93 Zendaya ft. Chris Brown Something New
28%
Shake It Up: Break It Down 3 Weeks #86 Bella Thorne & Zendaya Watch Me
21%
No matching quizzes found
Score Distribution
Percent of People with Each Score
Percentile by Number Answered
Your Score History
You have not taken this quiz since the last reset